All popes since 999 - Statistics

General Stats
  • This quiz has been taken 127 times
  • The average score is 75 of 127
Answer Stats
Start Year End Year Pope Name Birth Place % Correct
1227 1241 Gregory IX Anagni, Papal States, Holy Roman Empire
100%
1305 1314 Clement V Villandraut, Gascony, France
99%
1730 1740 Clement XII Florence, Grand Duchy of Tuscany
99%
1513 1521 Leo X Florence, Republic of Florence
99%
1277 1280 Nicholas III Rome, Papal States, Holy Roman Empire
99%
1800 1823 Pius VII, O.S.B. Cesena, Papal States
99%
1049 1054 St. Leo IX Eguisheim, Swabia, Holy Roman Empire
99%
1958 1963 Bd. John XXIII Sotto il Monte, Bergamo, Italy
97%
1032 1044 Benedict IX Rome, Papal States, Holy Roman Empire
97%
1667 1669 Clement IX Pistoia, Grand Duchy of Tuscany
97%
1591 1591 Innocent IX Bologna, Papal States
97%
1003 1003 John XVII Rome, Papal States
97%
1555 1555 Marcellus II Montefano, Marche, Papal States
97%
2005 2013 Benedict XVI Marktl am Inn, Bavaria, Germany
95%
1061 1073 Alexander II Milan, Italy, Holy Roman Empire
94%
1086 1087 Bd. Victor III, O.S.B. Benevento, Duchy of Benevento
94%
1740 1758 Benedict XIV Bologna, Papal States
94%
1914 1922 Benedict XV Genoa, Kingdom of Sardinia
94%
1455 1458 Callixtus III Xativa, Kingdom of Valencia, Crown of Aragon
94%
1143 1144 Celestine II Citta di Castello, Papal States, Holy Roman Empire
94%
1191 1198 Celestine III Rome, Papal States, Holy Roman Empire
94%
1265 1268 Clement IV Saint-Gilles, Languedoc, France
94%
1342 1352 Clement VI, O.S.B. Maumont, Limousin, France
94%
1404 1406 Innocent VII Sulmona, Kingdom of Naples
94%
1978 1978 John Paul I Forno di Canale, Veneto, Italy
94%
1254 1261 Alexander IV Jenne, Papal States, Holy Roman Empire
91%
2025 - Leo XIV Chicago, Illinois, USA
91%
1464 1471 Paul II Venice, Republic of Venice
91%
1555 1559 Paul IV, C.R. Capriglia Irpina, Campania, Kingdom of Naples
91%
1963 1978 Paul VI Concesio, Brescia, Italy
91%
1522 1523 Adrian VI Papa HADRIANUS Sextus Utrecht, Bishopric of Utrecht, Holy Roman Empire (presently The Netherlands
84%
1303 1304 Bd. Benedict XI, O.P. Treviso, Italy, Holy Roman Empire
84%
1271 1276 Bd. Gregory X Piacenza, Italy, Holy Roman Empire
84%
1130 1143 Innocent II, Can.Reg. Rome, Papal States, Holy Roman Empire
84%
1559 1565 Pius IV Milan, Duchy of Milan
84%
1775 1799 Pius VI Cesena, Papal States
84%
1829 1830 Pius VIII Cingoli, Marche, Papal States
84%
1922 1939 Pius XI Desio, Lombardy-Venetia, Austrian Empire
84%
1585 1590 Sixtus V, O.F.M. Conv. Grottammare, Marche, Papal States
84%
1566 1572 St. Pius V, O.P. Bosco, Duchy of Milan
84%
1903 1914 St. Pius X Riese, Lombardy-Venetia, Austrian Empire
84%
1045 1045 Sylvester III Rome, Papal States, Holy Roman Empire
75%
1145 1153 Bd. Eugene III, O.Cist. Pisa, Republic of Pisa, Holy Roman Empire
72%
1276 1276 Bd. Innocent V, O.P. County of Savoy, Holy Roman Empire
72%
1676 1689 Bd. Innocent XI Como, Duchy of Milan
72%
1045 1045 Benedict IX Rome, Papal States, Holy Roman Empire
72%
1294 1303 Boniface VIII Anagni, Papal States, Holy Roman Empire
72%
1592 1605 Clement VIII Fano, Marche, Papal States
72%
1484 1492 Innocent VIII Genoa, Republic of Genoa
72%
1276 1277 John XXI Lisbon, Portugal
72%
1316 1334 John XXII Cahors, Quercy, France
72%
1823 1829 Leo XII Genga or Spoleto, Papal States
72%
1009 1012 Sergius IV Rome, Papal States, Holy Roman Empire
72%
1088 1099 Bd. Urban II, O.S.B. Lagery, County of Champagne, France
61%
1003 1009 John XVIII Rapagnano, Papal States
61%
1878 1903 Leo XIII, O.F.S. Carpineto Romano, Rome departement, French Empire (now Italy)
61%
1605 1621 Paul V Rome, Papal States
61%
1185 1187 Urban III Cuggiono, Italy, Holy Roman Empire
61%
1378 1389 Urban VI Naples, Kingdom of Naples
61%
1590 1590 Urban VII Rome, Papal States
61%
1276 1276 Adrian V Genoa, Republic of Genoa, Holy Roman Empire
58%
1362 1370 Bd. Urban V, O.S.B. Grizac, Languedoc, France
58%
1045 1046 Gregory VI Rome, Papal States, Holy Roman Empire
58%
1187 1187 Gregory VIII, Can.Reg. Benevento, Papal States, Holy Roman Empire
58%
1590 1591 Gregory XIV Somma Lombardo, Duchy of Milan
58%
1181 1185 Lucius III Lucca, Italy, Holy Roman Empire
58%
1058 1061 Nicholas II Chateau de Chevron, Kingdom of Arles
58%
1471 1484 Sixtus IV, O.F.M. Celle Ligure, Republic of Genoa
58%
1978 2005 Ven. John Paul II (John Paul the Great) Wadowice, Poland
58%
1689 1691 Alexander VIII Venice, Republic of Venice
50%
1187 1191 Clement III Rome, Papal States, Holy Roman Empire
50%
1700 1721 Clement XI Urbino, Marche, Papal States
50%
1758 1769 Clement XIII Venice, Republic of Venice
50%
1621 1623 Gregory XV Bologna, Papal States
50%
1831 1846 Gregory XVI, O.S.B. Cam. Belluno, Republic of Venice
50%
1243 1254 Innocent IV Genoa, Republic of Genoa, Holy Roman Empire
50%
1644 1655 Innocent X Rome, Papal States
50%
1550 1555 Julius III Rome, Papal States
50%
1605 1605 Leo XI Florence, Duchy of Florence
50%
1288 1292 Nicholas IV, O.F.M. Lisciano, Papal States, Holy Roman Empire
50%
1073 1085 St. Gregory VII, O.S.B. Sovana, Italy, Holy Roman Empire
50%
1055 1057 Victor II Kingdom of Germany, Holy Roman Empire
50%
1159 1181 Alexander III Siena, Italy, Holy Roman Empire
47%
1492 1503 Alexander VI Xativa, Kingdom of Valencia, Crown of Aragon
47%
1655 1667 Alexander VII Siena, Grand Duchy of Tuscany
47%
1846 1878 Bd. Pius IX, O.F.S. Senigallia, Marche, Papal States
47%
1670 1676 Clement X Rome, Papal States
47%
1294 1294 St. Celestine V, O.S.B. Sant' Angelo Limosano, Kingdom of Sicily
47%
1721 1724 Innocent XIII Poli, Lazio, Papal States
41%
1458 1464 Pius II Corsignano, Republic of Siena
41%
1154 1159 Adrian IV, O.S.A. Abbots Langley, Hertfordshire, Kingdom of England
39%
1198 1216 Innocent III Gavignano, Papal States, Holy Roman Empire
39%
1691 1700 Innocent XII Spinazzola, Kingdom of Naples
39%
1057 1058 Stephen IX (Stephen X), O.S.B. Duchy of Lorraine, Holy Roman Empire
33%
1406 1415 Venice, Republic of Venice
32%
1118 1119 Gelasius II, O.S.B. Gaeta, Principality of Capua
32%
1447 1455 Nicholas V Sarzana, Republic of Genoa
32%
1503 1503 Pius III Siena, Republic of Siena
32%
1153 1154 Anastasius IV Rome, Papal States, Holy Roman Empire
30%
1939 1958 Ven. Pius XII Rome, Italy
30%
1124 1130 Honorius II, Can.Reg. Fiagnano, Papal States, Holy Roman Empire
27%
1261 1264 Urban IV Troyes, County of Champagne, France
27%
1281 1285 Martin IV Meinpicien, Touraine, France
26%
1417 1431 Martin V Genazzano, Papal States
26%
1724 1730 Benedict XIII, O.P. Gravina in Puglia, Kingdom of Naples
25%
1241 1241 Celestine IV Milan, Italy, Holy Roman Empire
25%
2013 2025 Francis I Buenos Aires, Argentina
25%
1572 1585 Gregory XIII Bologna, Papal States
25%
1352 1362 Innocent VI Les Monts, Limousin, France
25%
1503 1513 Julius II Albisola, Republic of Genoa
25%
1523 1534 Clement VII Florence, Republic of Florence
21%
1144 1145 Lucius II, Can.Reg. Bologna, Papal States, Holy Roman Empire
21%
1334 1342 Benedict XII, O.Cist. Saverdun, County of Foix, France
20%
999 1003 Sylvester II Auvergne region of France
20%
1389 1404 Boniface IX Naples, Kingdom of Naples
19%
1431 1447 Eugene IV, O.S.A. Venice, Republic of Venice
19%
1623 1644 Urban VIII Florence, Grand Duchy of Tuscany
19%
1119 1124 Callixtus II Quingey, County of Burgundy, Holy Roman Empire
18%
1534 1549 Paul III Canino, Lazio, Papal States
17%
1047 1048 Benedict IX Rome, Papal States, Holy Roman Empire
16%
1769 1774 Clement XIV, O.F.M. Sant' Arcangelo di Romagna, Papal States
16%
1012 1024 Benedict VIII Rome, Papal States, Holy Roman Empire
15%
1216 1227 Honorius III Rome, Papal States, Holy Roman Empire
15%
1024 1032 John XIX Rome, Papal States, Holy Roman Empire
15%
1048 1048 Damasus II Pildenau, Duchy of Bavaria, Holy Roman Empire
12%
1099 1118 Paschal II, O.S.B. Bleda, Papal States, Holy Roman Empire
12%
1046 1047 Clement II Hornburg, Duchy of Saxony, Holy Roman Empire
9%
1285 1287 Honorius IV Rome, Papal States, Holy Roman Empire
%
No matching quizzes found
Score Distribution
Percent of People with Each Score
Percentile by Number Answered
Your Score History
You have not taken this quiz